[Event "Spring Tour GM Mix A 2022"]
[Site "Cattolica"]
[Date "2022.03.14"]
[Round "9.2"]
[White "Czerw, Dawid"]
[Black "Dimitrov, Radoslav"]
[Result "1/2-1/2"]
[WhiteElo "2398"]
[BlackElo "2487"]
[Annotator "TA"]
[PlyCount "216"]
[EventDate "2022.03.10"]
[EventType "swiss"]
[EventCountry "ITA"]
[SourceTitle "playchess.com"]
[Source "ChessBase"]
[SourceQuality "1"]

{[%evp 13,216,1,0,0,0,0,21,20,71,79,86,59,114,133,114,48,43,14,29,-4,0,0,0,0,0,0,0,0,0,0,0,0,16,11,8,13,8,10,27,22,47,20,31,0,0,0,0,0,0,0,0,0,0,0,0,-12,-14,-13,-4,-8,0,0,0,0,0,-1,0,-12,0,0,0,0,0,-8,-8,-8,-8,-32,-32,-89,-87,-102,-102,-102,-72,-102,-65,-67,-38,-43,-2,-72,-72,-72,-72,-93,-93,-101,-101,-85,0,-100,-41,-101,-8,-8,0,-41,-35,-41,-8,-97,-97,-97,-96,-97,-97,-232,-168,-168,-168,-2028,-1916,-1746,-1396,-29964,-29959,-29964,-102,-102,-101,-5089,-101,-101,-101,-29967,-29968,-29968,-29969,-29967,-29966,-29966,-29964,-29947,-29970,-29975,-29976,-29976,-29977,-29977,-29978,-29976,-83,-83,-83,-83,-83,-83,-83,-83,-83,-83,-83,-83,-83,-83,-83,-29976,-83,-83,-83,-83,-83,-83,-83,-83,0,-83,-83,-83,-83,-83,0,-83,-8,-8,-8,-8,-8,-8,-8,-8,-8,-8,-8,-8,-8,-8,0,0,0,-8,-8,-8,0]} 1. d4 Nf6 2. c4 c6 3. Nf3 d5 4. g3 Bf5 5. Bg2 e6 6. O-O Nbd7 7. Qb3 Qb6 8. c5 {D11: Slav Defence: 3 Nf3 sidelines and 3...Nf6 4 e3 Bg4.} Qxb3 9. axb3 {[%cal Ba2b3,Bb3b4,Bb4a5][%mdl 32]} Bxb1 10. Rxb1 b6 (10... g6 $11) 11. b4 $16 a5 12. Ra1 {[#]} Rc8 $146 (12... Be7 $1 $14) ({Predecessor:} 12... Be7 13. Bd2 Ne4 14. Be1 O-O 15. cxb6 axb4 16. Rc1 Nxb6 17. Ne5 Ra2 18. Nxc6 Bd6 {1-0 (34) Ali,S (2205)-Faisal,A Abu Dhabi 1995}) 13. bxa5 bxc5 {[%cal Bb6c5,Bc5c4,Bc4b3][%mdl 32]} 14. e3 (14. Be3 $16) 14... Bd6 15. Bd2 Ne4 16. Rfc1 Ke7 17. Be1 c4 18. b3 cxb3 {Hoping for ...b2.} 19. Rab1 Ba3 20. Rd1 Rb8 21. Rd3 c5 {aiming for ...c4.} 22. Rbxb3 (22. Rdxb3 c4 23. Rb7 Rxb7 24. Rxb7 Rb8 25. Rxb8 Nxb8 $17) 22... Bb2 {Strongly threatening ...c4.} 23. dxc5 Ndxc5 {Pair of Knights!} 24. Rxb8 Rxb8 25. Rd1 Ra8 26. Nd4 Kd7 27. Bf1 (27. Nb5 {with more complications.} Be5 28. Bf1 Rb8 29. Rc1 Nb3 30. Rc2) 27... Nd6 28. Rb1 (28. Nb5 {seems wilder.} Ndb7 29. Nc3 Kc7 30. Rb1 Bxc3 31. Bxc3 Nxa5 32. Bxg7 Nc4 33. Rc1) 28... Bxd4 29. exd4 Ncb7 30. a6 Nd8 31. Bb4 Nc4 32. Bf8 g6 33. Bxc4 dxc4 $11 {[%mdl 4096] Endgame KRB-KRN} 34. Rc1 Nc6 35. Bc5 Rxa6 {...Ra4 is the strong threat.} 36. Rxc4 g5 37. Kg2 h5 38. h3 Ra5 39. Rc2 Rb5 40. Rc1 f5 41. Rc2 Na5 42. Bf8 Nc6 43. Bg7 g4 44. hxg4 hxg4 45. Kf1 Kd6 46. Ra2 ({Better is} 46. Ke2 $15) 46... Kd5 47. Ra8 Rb8 48. Ra6 Rb1+ (48... Nxd4 $6 49. Bxd4 Rb1+ 50. Kg2 Kxd4 51. Rxe6 $11) 49. Kg2 Rc1 (49... Nxd4 $6 50. Bxd4 Kxd4 51. Rxe6 $11) 50. Rb6 Rc4 $1 51. Rb5+ Ke4 (51... Kd6 $1 $15 {was preferrable.}) 52. Bf6 (52. Rb6 $11 {keeps the balance.}) 52... Rb4 $17 (52... Nxd4 53. Re5+ Kd3 54. Re3+ Kd2 55. Bxd4 Rxd4 56. Rxe6 $11) 53. Rc5 (53. Rxb4 $2 Nxb4 54. Bd8 Nc6 $17) 53... Rb6 ({Don't play} 53... Nxd4 $6 54. Re5+ Kd3 55. Re3+ Kc4 56. Bxd4 Kxd4 57. Rxe6 $11) 54. Rc4 Nb4 55. Bg7 {[%cal Od4d5]} Rb7 {And now ...Kd3 would win.} 56. Bf6 Rb6 57. Bg7 $1 {[%cal Od4d5]} Nd5 (57... Kd3 $17 58. Rc1 Nc2) 58. Be5 (58. Rc1 $15) 58... Rb1 ({Black should try} 58... Rb2 $17 {( -> ...Ne3+)} 59. Rc1 Ne3+ 60. Kg1 Nc2) 59. Rc6 $11 Rb6 60. Rc1 (60. Rc4 $1 $11) 60... Kd3 61. Re1 Rb2 62. Rd1+ (62. Kf1 $1 $11) 62... Rd2 $1 $17 63. Re1 Re2 64. Rd1+ Ke4 65. Ra1 (65. Kf1 $17 Rc2 66. Bb8) 65... Ne3+ $1 $19 66. Kg1 Nc2 $1 {[%csl LRa1,LRd4]} 67. Rb1 $2 {[#]} (67. Ra6) 67... Re1+ $1 ({Not} 67... Nxd4 68. Bg7 $17) 68. Rxe1+ Nxe1 {KB-KN} 69. Bf4 Kf3 70. Kf1 Nc2 $2 (70... Nd3 71. Be3 f4 72. gxf4 g3 73. fxg3 Kxe3 74. Kg2 Ke4 75. Kh2 {[#]} Nxf4 $1 {[%mdl 512]} 76. gxf4 Kxf4 77. Kg2 Ke3 78. Kf1 Kxd4 79. Ke2 Ke4 80. Kf2 Kd3 81. Kf3 e5 82. Kf2 e4 83. Ke1 Ke3 84. Kd1 Kf2 85. Kd2 e3+ 86. Kd3 e2 87. Ke4 e1=Q+ 88. Kd5 Qe7 89. Kd4 Qd6+ 90. Kc3 Ke2 91. Kc4 Kd2 92. Kb3 Qd4 93. Ka2 Qb4 94. Ka1 Kc2 95. Ka2 Qb2#) 71. Be5 $17 Nb4 72. Bf4 $2 {[%mdl 8192]} (72. Bd6 $17 Nc6 73. Bc5) 72... Nd5 $2 (72... Nd3 $19 {is more deadly.} 73. Be3 Nb4) 73. Be5 Nc3 74. d5 $2 {[%mdl 8192]} (74. Bd6 $17) 74... Nxd5 75. Bd4 Nb4 76. Bb6 Nc6 77. Bc5 Ne5 78. Bd4 Nc4 79. Ke1 e5 80. Ba7 e4 81. Kf1 e3 82. fxe3 Nxe3+ $2 (82... Nd6 83. Ke1 Ne4 84. Kd1 Nxg3 85. Kc2 Ne4 86. Kd3 g3 87. Bb8 g2 88. Bh2 Kf2 89. Kd4 Nd2 90. Bb8 g1=Q 91. Bf4 Qg7+ 92. Kd5 Qd7+ 93. Kc5 Ne4+ 94. Kb6 Qc8 95. Bh2 Kxe3 96. Kb5 Kd3 97. Bc7 Qxc7 98. Ka6 Qc5 99. Kb7 Nd6+ 100. Kb8 Qc8+ 101. Ka7 Qb7#) 83. Kg1 Nd5 ({Much worse is} 83... Kxg3 $6 84. Bxe3 Kh4 85. Kh2 $11) 84. Kh2 Nc3 85. Bb6 Ne2 86. Bc7 Kf2 87. Bb6+ Kf1 88. Ba7 Nc3 89. Bb6 Ne4 {[%cal Of5f4]} 90. Bc7 $2 {[%mdl 8192]} (90. Be3 $17) 90... Kf2 $2 (90... Nd2 {mates} 91. Bf4 Nf3+ 92. Kh1 Kf2 93. Bd6 Nd2 94. Bc5+ Kf3 95. Kg1 Ne4 96. Ba3 Nxg3 97. Bb4 f4 98. Bd6 Ne4 99. Bc7 g3 100. Bb8 Nc3 101. Ba7 g2 102. Kh2 Ne2 103. Bc5 g1=Q+ 104. Bxg1 Nxg1 105. Kxg1 Ke2 106. Kh2 f3 107. Kg3 f2 108. Kf4 f1=Q+ 109. Ke5 Kd3 110. Kd6 Qf6+ 111. Kd7 Kc4 112. Kc8 Kc5 113. Kb8 Qg7 114. Ka8 Kc6 115. Kb8 Qb7#) 91. Bb6+ Kf3 92. Bc7 Nd2 93. Kg1 {Inhibits Nf1.} Nc4 94. Bb8 Ne3 (94... Ke2 $17 95. Kg2 Ne3+ 96. Kg1 Kf3) 95. Bc7 (95. Ba7 $1 $11 {remains equal.}) 95... Nd5 96. Bb8 Nc3 97. Bc7 Ne2+ 98. Kh2 f4 (98... Nd4 $17 99. Bb6 Nb3) 99. gxf4 $1 $11 {The position is equal.} g3+ 100. Kh3 Nd4 (100... g2 $5 101. Bb6 g1=Q 102. Bxg1 Nxg1+ 103. Kh4 Kxf4 $11) 101. Bb6 Nf5 102. Bg1 Ng7 103. Bh2 g2 104. Bg1 Nf5 105. Kh2 Nh4 106. Kh3 Nf5 107. Kh2 Ne7 108. Kh3 Nf5 {White happily takes the draw.  Weighted Error Value: White=0.12 (very precise) /Black=0.12 (very precise)} 1/2-1/2

[Event "Spring Tour GM Mix A 2022"]
[Site "Cattolica"]
[Date "2022.03.14"]
[Round "9.4"]
[White "Jobava, Baadur"]
[Black "Van Foreest, Lucas"]
[Result "1/2-1/2"]
[WhiteElo "2588"]
[BlackElo "2563"]
[Annotator "TA"]
[PlyCount "189"]
[EventDate "2022.03.10"]
[EventType "swiss"]
[EventCountry "ITA"]
[SourceTitle "playchess.com"]
[Source "ChessBase"]
[SourceQuality "1"]

{[%evp 24,189,17,25,32,3,17,17,25,25,26,27,34,23,23,20,28,29,53,0,6,6,8,20,15,9,9,0,18,22,16,12,45,41,68,74,73,7,8,17,10,0,0,0,26,10,6,-51,-39,-51,-52,-110,-76,-482,-101,-101,-101,-116,-121,-219,-101,-101,-101,-129,-116,-1004,0,-128,0,-876,-114,-140,-101,-101,-101,-101,-101,-101,-85,-101,0,-101,0,-101,-101,-127,-134,-134,0,-101,-101,-146,-101,-99,-72,-72,-72,-72,-58,-58,-58,-58,-58,-58,-58,-58,-58,-58,-50,-53,-46,-50,0,-58,-50,-50,-40,-50,-50,-50,-50,-50,-44,-50,-27,-31,-30,-40,-40,-40,-40,-40,-40,-40,0,-40,-19,-40,-40,-40,-40,-40,-31,-40,-27,-40,-40,-41,-32,-32,-27,-48,-16,-44,-42,-49,0,0,0,0,0,0,0,0,0,0,0,0]} 1. e4 c5 2. Nf3 Nc6 3. d4 cxd4 4. Nxd4 Nf6 5. Nc3 e5 6. Ndb5 d6 7. Bg5 a6 8. Na3 b5 9. Nd5 Be7 10. Bxf6 Bxf6 11. c3 Rb8 12. Nc2 Bg5 13. a4 bxa4 {B33: Sicilian: Pelikan and Sveshnikov Variations.} 14. Ncb4 (14. Nce3 {feels hotter.} Rxb2 15. Qxa4 Bd7 16. Bxa6 Qb8 17. Qd1) 14... Nxb4 15. cxb4 O-O 16. Rxa4 a5 17. b5 (17. Rxa5 $2 Rxb4 $3 {[%mdl 512]} 18. Ra4 Rxb2 $19) (17. bxa5 Rxb2 18. Qa1 Rc2 $17) 17... f5 18. exf5 Bxf5 19. Bc4 {[%cal Oh2h4]} Kh8 20. O-O {[#]} Be6 $146 ({Predecessor:} 20... Bd7 21. Qd3 Qe8 22. Rxa5 Bd8 23. Ra6 Bxb5 24. Bxb5 Qxb5 25. Qxb5 Rxb5 26. Rxd6 {½-½ (26) Jensen,K (2259)-Matusek,J (2260) ICCF email 2019}) 21. Kh1 ({Better is} 21. Qd3 $14) 21... Qc8 22. b3 Qc5 23. Rxa5 Rxf2 24. Rxf2 Qxf2 25. Qa1 Bd8 {This bishop pair is nice.} 26. Ra2 Qh4 27. Qf1 {[%cal Ob5b6] Threatens to win with b6!} h5 28. Ra4 Bxd5 29. Bxd5 Qf6 {[%cal Rf6f1] Inhibits Qf8+.} 30. Qd1 {White is much more active.} (30. Qe2 $1 $16 {[%cal Re2h5]} Qh6 31. Rc4) 30... g6 $11 31. Ra7 e4 32. Bxe4 Rxb5 33. Qc1 Qg5 {[%cal Rg5c1] Inhibits Qh6+.} 34. Qf1 {[%cal Rf1f8]} Bf6 35. Bc2 (35. Bxg6 $2 Qxg6 $1 36. Ra8+ Kh7 37. Ra7+ Kh6 $19) (35. g3 $11 Rc5 36. Qf4) 35... Rc5 $1 $40 {[%mdl 128] White needs to defend precisely.} 36. Ra2 Kg7 {aiming for ...Qd2.} 37. h3 (37. g3 $15) 37... Rc7 {White must now prevent ...Be5.} 38. b4 $2 {[%mdl 8192]} (38. Bd1 $17 {nothing else works.}) 38... Be5 $2 (38... Qg3 $19 {And now ...Re7 would win.} 39. Qg1 Qc3) 39. Ra3 $17 Qd2 (39... Rxc2 $2 40. Ra7+ Qe7 41. Rxe7+ $18) 40. Bd1 Qxb4 41. Rb3 {[#]} (41. Ra8 $2 Qd2 42. Ra3 (42. Qf8+ $2 Kh7 $19) 42... Rc1 $19) (41. Rf3 $17) 41... Qd2 (41... Qe4 $1 $19 {Hoping for ...d5.} 42. Rb8 d5) 42. Rd3 (42. Rb8 Rf7 43. Bf3 {[#]} Rxf3 $1 $19 {[%mdl 512]}) 42... Qg5 43. Rf3 Rc1 44. Rb3 $2 {[%mdl 8192]} (44. Rf7+ $17 Kh6 45. Rf3) 44... Rc7 $2 (44... Qf4 $19 {[%cal Rf4f1] and Black stays clearly on top.} 45. Rb7+ Kf6 46. Qxf4+ Bxf4) 45. Rf3 ({Don't blunder} 45. Rb8 $2 Qg3 46. Qf8+ Kh7 47. Qg8+ Kh6 48. Qf8+ Bg7 $19) 45... Rc1 $2 {[%mdl 8192]} (45... d5 $17 46. Qe1 Rc1) 46. Rb3 $1 $19 {Threatening mate with Rb7+.} Qe7 {Inhibits Rb7.} (46... Qf4 $19 {[%cal Rf4f1] is more deadly.} 47. Rb7+ Kf6 48. Qxf4+ Bxf4) 47. Qe2 Qf7 48. Rf3 Qd5 49. Rf1 Rc3 50. Rf3 Rc7 51. Rf1 Rc3 {( -> ...Rxh3+)} 52. Rf3 Rc7 53. Rf1 $1 Rc1 54. Kg1 Qd4+ 55. Kh1 Qd5 56. Kg1 $1 Ra1 57. Qc2 (57. Kh1 $142) 57... Ra7 (57... Qd4+ $142 58. Kh1 d5) 58. Kh1 $17 ({Not} 58. Qf2 $2 Bd4 59. Bf3 Bxf2+ $19) 58... Ra2 59. Qc7+ Kh6 {[%csl Ga2][%cal Rd5g2]} 60. Bf3 Qd3 {[%cal Rd3f1]} (60... Qd2 {is more complex.} 61. Qc1 h4 62. Qc4 Qf4 63. Qxf4+ Bxf4 64. Re1 Bg3) 61. Qc1+ Qd2 (61... Kh7 {keeps more tension.} 62. Qc7+ Bg7 63. Rd1 Rd2 64. Re1 Rf2) 62. Qxd2+ Rxd2 $15 {[%mdl 4096] Endgame KRB-KRB} 63. Rd1 Rb2 64. Kg1 Kg5 65. Kf1 Kf4 66. Rd3 Ra2 67. Ke1 Rb2 68. Kf1 $1 Rb4 69. Ke2 Bd4 70. Kd1 Ke5 71. Ra3 Rb2 72. Ra8 Kf4 73. Ra3 Be3 {[%cal Od6d5]} 74. Rd3 Bc5 75. Rd2 Rb3 76. Bd5 Ra3 77. Ra2 Rd3+ 78. Rd2 Ra3 79. Ra2 $1 Rg3 80. Rb2 Rg5 81. Rd2 Rf5 82. Bf3 Kg3 83. Rd5 Rf6 84. Be4 Re6 85. Bf3 Be3 86. Rd3 Kf2 87. Kc2 Rf6 88. Be4 g5 89. Rd5 g4 (89... Bf4 $15) 90. hxg4 $11 {The position is equal.} hxg4 91. Rf5+ Rxf5 92. Bxf5 g3 93. Be4 Ke2 94. Bf3+ Kf2 95. Kd3 {And White is the lucky defender.  Weighted Error Value: White=0.28 (precise) /Black=0.59} 1/2-1/2

[Event "Spring Tour GM Mix A 2022"]
[Site "Cattolica"]
[Date "2022.03.14"]
[Round "9.5"]
[White "Reuker, Jari"]
[Black "Song, Julien"]
[Result "0-1"]
[WhiteElo "2425"]
[BlackElo "2352"]
[Annotator "TA"]
[PlyCount "126"]
[EventDate "2022.03.10"]
[EventType "swiss"]
[EventCountry "ITA"]
[SourceTitle "playchess.com"]
[Source "ChessBase"]
[SourceQuality "1"]

{[%evp 25,126,19,16,10,11,16,15,7,6,17,15,16,8,20,8,5,9,10,26,18,25,15,18,10,22,15,17,2,73,39,43,44,83,79,78,0,67,33,45,24,32,0,0,0,0,-39,-26,-37,-19,-25,49,0,0,0,0,0,0,0,0,0,0,-34,0,0,0,0,0,-115,-107,-226,0,0,0,-120,-115,-117,-121,-141,-129,-298,-291,-299,-300,-303,-287,-282,-256,-518,-516,-508,-489,-1168,-716,-895,-856,-804,-787,-29974,-29975,-29972,-29972,-5359,-5351]} 1. e4 e5 2. Nf3 Nf6 3. Nxe5 d6 4. Nf3 Nxe4 5. d4 d5 6. Bd3 Nc6 7. O-O Be7 8. c4 Nb4 9. Be2 O-O 10. Nc3 Bf5 11. a3 Nxc3 12. bxc3 Nc6 13. Re1 Re8 14. Bf4 {seems to push 14.cxd5 aside. C42: Petroff Defence: 3 Nxe5 and unusual White 3rd moves.} dxc4 15. Bxc4 Bd6 16. Rxe8+ {The position is equal.} Qxe8 {[#]} 17. Ng5 $1 {[%cal Bf3g5,Bg5h3,Bh3f4][%mdl 32]} Bg6 18. Bxd6 cxd6 19. h4 Qe7 20. g3 h6 21. Nh3 Re8 22. Nf4 Bf5 {[#]} 23. Bf1 $146 ({Predecessor:} 23. a4 a6 24. a5 Qc7 25. Qa4 Qd7 26. Bf1 Kf8 27. h5 Bh7 28. Bg2 Be4 29. Qb3 Bxg2 30. Kxg2 {½-½ (47) Lorentzen,O (2468)-Gross Winter,G (2366) ICCF email 2007}) 23... Qd7 24. Qb3 Na5 25. Qd5 Nc6 26. Bg2 Be6 (26... Kf8 $11) 27. Qb5 {White is more active.} Bf5 {[%cal Be6f5,Bf5e4,Be4f3][%mdl 32]} 28. a4 Re7 29. Nd5 Re8 30. Nf4 Re7 $1 31. Kh2 Be4 32. Bh3 Qc7 33. a5 a6 34. Qb6 g5 35. Nh5 Qxb6 36. axb6 Bf3 $1 37. g4 f5 ({Better is} 37... gxh4 $11 38. Bg2 Bxg2 39. Kxg2 Re2) 38. hxg5 (38. Kg3 $14 fxg4 39. Nf6+ Kg7 40. Nxg4) 38... hxg5 $11 39. Kg3 Be2 40. Bg2 {[%cal Og4f5]} f4+ 41. Kh3 Kf7 42. Bd5+ Kg6 43. Ra2 Bf1+ (43... Bd3 $5 {[%cal Rd3e4]}) 44. Kh2 Nd8 45. Ra1 Bb5 46. Bf3 (46. Kg2 $11) 46... Bc6 $1 $17 47. d5 {[#]} (47. Bd1 $17 {is the only way for White.}) 47... Bb5 $2 (47... Bd7 $1 $19 {Hoping for ...Nf7.} 48. Bd1 Bb5) 48. c4 $1 $11 Bd7 {White must now prevent ...Nf7.} 49. Rc1 (49. Bd1 $1 $11 {was the only way to keep the balance.}) 49... Nf7 $17 50. c5 dxc5 51. Rxc5 {[%cal Od5d6] [#]} Nd6 $1 52. Rc7 $2 {This move loses the game for White.} (52. Bd1 $17 {was necessary.}) 52... Kf7 53. Kg2 a5 {[%cal Ba6a5,Ba5a4,Ba4a3][%mdl 32]} 54. Bd1 Bb5 {...Rxc7 is the strong threat.} ({Not} 54... a4 $2 55. Ng7 $17) 55. Rc5 a4 56. Bc2 $2 (56. Rc3 {was the only defense.}) 56... a3 $19 57. Bb3 {[%cal Oc5b5]} Be2 58. f3 (58. Ra5 $142 Bxg4 59. Nxf4 gxf4 60. Rxa3) 58... Ba6 {Strongly threatening ...Re2+.} 59. Ra5 Re2+ 60. Kg1 Re3 61. Ba2 Re1+ 62. Kg2 Re2+ 63. Kg1 Rxa2 {Weighted Error Value: White=0.49/Black=0.23 (precise)} 0-1